000
002380000a22000970004500
100
1
_a
McConnell, Cecilio
245
1
0
_a
Semilla para sermones
300
_a
Num. 19 (Abril, 1982), Páginas 66-69
773
0
_t
Diálogo teológico
942
_c
ANA
999
_c
53321
_d
53321